निर्यात तैयार है — 

Từ điển Y học Anh, Pháp, Latinh, Việt English, French, Latin, Vietnamese medical dictionary

में बचाया:
ग्रंथसूची विवरण
स्वरूप: पुस्तक
भाषा:Undetermined
प्रकाशित: Hà Nội Y học 1993
विषय:
टैग : टैग जोड़ें
कोई टैग नहीं, इस रिकॉर्ड को टैग करने वाले पहले व्यक्ति बनें!
Thư viện lưu trữ: Trung tâm Học liệu Trường Đại học Cần Thơ
LEADER 00532nam a2200169Ia 4500
001 CTU_7663
008 210402s9999 xx 000 0 und d
082 |a 610.3 
082 |b T550 
245 0 |a Từ điển Y học Anh, Pháp, Latinh, Việt 
245 0 |b English, French, Latin, Vietnamese medical dictionary 
260 |a Hà Nội 
260 |b Y học 
260 |c 1993 
650 |a medicine - dictionaries 
904 |i Nguyễn Quang Điền, 960601 
980 |a Trung tâm Học liệu Trường Đại học Cần Thơ